000 00698nam a2200217 i 4500
001 72763
003 ES-MaACL
005 20250804062535.0
007 t|
008 040902s1979 sp ||||1| spa d
100 1 _aGoethe, Johann Wolfgang von,
_d1749-1832
_957568
245 1 0 _aPenas del joven Westher /
_cJohann Wolfgan Goethe ; presentación de Paulino Garagorri.
250 _a[2ª ed.].
260 _aMadrid :
_bAlianza,
_c[1979]
300 _a151 p. ;
_c18 cm.
490 1 _aEl libro de bolsillo ;
_v584
700 1 _aGaragorri, Paulino,
_d1916-2007
_953911
830 0 3 _aEl libro de bolsillo
_v584
_9177802
852 _aES-MaACL
_jA-10489
_bR.99639
999 _c72763
_d72763